000 01146nam a22003257a 4500
003 CHAP
005 20220329140553.0
008 971013s1962 r 10010 d
010 _a54125
011 _a55097
035 _a59249
040 _cCHAP
082 _a332.71
_bS4 1961
111 0 0 _aSeminario de Crédito Agrícola para Dirigentes de América Latina (
_d1961
_c: Bogotá)
_9104031
245 _aMemoria
260 _aBogotá :
_bCosmos,
_c1962
300 _a563 p.
590 _aBATCH-UPD
_b10
_c20130110
_lUCH01
_h0424
590 _aBATCH-UPD
_b10
_c20130410
_lUCH01
_h0058
590 _aBATCH-UPD
_b10
_c20130410
_lUCH01
_h1544
590 _aBATCH-UPD
_b10
_c20130914
_lUCH01
_h1101
590 _aCONVERSION
_b10
_c20130109
_lUCH01
_h1329
650 1 4 _aCrédito agrícola
_xAmérica Latina.
_929027
650 1 4 _aCrédito agrícola
_xCongresos.
_929047
901 _aBK
942 _cLIBRO
949 _a332.71 S4 1961
_bBC
_cLIBRO
_d33724000338604
_eLIBRO
_fc.3
_h3431
_i59249
_si
949 _a332.71 S4 1961
_bBC
_cLIBRO
_d33724000338612
_eLIBRO
_fc.2
_h3430
_i59249
_si
949 _a332.71 S4 1961
_bBC
_cLIBRO
_d33724000338620
_eLIBRO
_h3431
_i59249
_si
999 _c54125
_d54125